| 000 | 00661nam a2200181Ia 4500 | ||
|---|---|---|---|
| 003 | sslc | ||
| 005 | 20200309163504.0 | ||
| 008 | 200302s9999 xx 000 0 und d | ||
| 020 | _a9780323481878 | ||
| 100 | _aLampignano, John P. | ||
| 245 |
_cJohn P. Lampignano, Leslie E. Kendrick.-- _aBontrager's Textbook of radiographic positioning and related anatomy / |
||
| 250 | _a9th | ||
| 260 |
_aSt. Louis, Missouri: _bElsevier _c2018 |
||
| 300 |
_aix, 554 pages : _bblack and white illustrations; _c28 cm |
||
| 650 | _aHuman anatomy -- Problems, exercises, etc. | ||
| 650 | _aRadiography, Medical -- Positioning -- Problems, exercises, etc. | ||
| 942 |
_2lcc _cBK |
||
| 999 |
_c363044 _d363044 |
||